00337 a2200109 4500001001000000005001700010008004100027245007100068100002400139773004700163999001700210ART_5938420260410162051.0260409a 10aNovedades para la actividad actoral en materia de seguridad social1 aSantacruz, Lidia M.0 tImpuestosg- N° 156 (sep. 2023)wREV45175 c35832d35832